| 000 | 00453nam a2200193 a 4500 | ||
|---|---|---|---|
| 001 | 1757999702862 | ||
| 003 | ACL | ||
| 005 | 20250916105537.0 | ||
| 008 | 250916s1999##################000#0#eng## | ||
| 020 | _a9780851707273 | ||
| 082 | 0 | 4 |
_a791.43658 _bDIC |
| 100 | 1 |
_aDickinson, Margaret, _eauthor. |
|
| 245 | 1 | 0 | _aRogue Reels : |
| 260 | _c1999. | ||
| 300 | _a362 pages | ||
| 650 | 0 | _aPerforming Arts. | |
| 942 | _cENGLISH | ||
| 040 |
_aACL _beng _cACL |
||
| 999 |
_c587290 _d587290 |
||